| 000 | 00894nam a2200229 u 4500 | ||
|---|---|---|---|
| 005 | 20240612063846.0 | ||
| 008 | 190123m2014 mx r 000 0 spa d | ||
| 035 | _aUPN01000228556 | ||
| 049 | _aLTG | ||
| 050 | 4 |
_aLB1578.4 N3 _bA4.6 |
|
| 245 | 0 | 0 |
_aAmochiuipajtlinij ometlajtolpamilt = _bEl libro de las plantas medicinales : náhuatk tlen uaxtekapaj Hidalgo Tlali = náhuatl de la Huasteca de Hidalgo / _ccoord. Rosalinda Morales Garza. |
| 260 |
_aMéxico : _bSEP, _c2014. |
||
| 300 |
_a199 p. : _bil. col. |
||
| 440 | 0 | _aBiblioteca escolar indígena y migrante | |
| 500 | _aTexto bilingüe español/náhuatl | ||
| 650 | 4 |
_aBotánica médica _91355 |
|
| 650 | 4 |
_aMEDICINA TRADICIONAL - _zMEXICO _99032 |
|
| 700 | 1 |
_aMorales Garza, Rosalinda, _ecoord. _943281 |
|
| 740 | 3 | _aEl libro de las plantas medicinales : náhuatl de la Huasteca de Hidalgo | |
| 905 | _aLibro | ||
| 999 |
_c200651 _d200651 |
||